| 000 | 00746cam a2200253 i 4500 | ||
|---|---|---|---|
| 008 | |||
| 020 | _a9781846619557(pbk.) | ||
| 049 | _aMAIN | ||
| 090 |
_aKD2079 _bBOY |
||
| 245 | 0 | 0 |
_aBoyle & Birds' company law / _ceditors, John Birds, Consultant editor, A.J. Boyle. |
| 250 | _a9th ed. | ||
| 260 |
_aBristol (England) : _bJordans, _c2014. |
||
| 300 |
_aci, 966 p. ; _c25 cm. |
||
| 500 | _aIncludes index. | ||
| 504 | _aIncludes bibliographical references. | ||
| 650 | 0 |
_aCorporation law _zGreat Britain. |
|
| 700 | 1 | _aBirds, John. | |
| 700 | 1 | _aBoyle, A. J. | |
| 907 |
_a.b10375247 _b16-09-16 _c14-09-16 |
||
| 003 | |||
| 005 | 20230123122230.0 | ||
| 040 | _cNUST | ||
| 942 |
_cBOOKS _kKD2079 _mBOY |
||
| 999 |
_c130091 _d130091 |
||